LEADER 00960nam0-2200289 --450 001 9910247055703321 005 20180105124811.0 010 $a88-222-4327-7 020 $aIT$b95-10644 100 $a20180105d1995----kmuy0itay5050 ba 101 1 $aita$afre$aeng 102 $aIT 105 $a 001yy 200 1 $aTendenze e metodi nella ricerca musicologica$eatti del Convegno internazionale, Latina, 27-29 settembre 1990$fa cura di Raffaele Pozzi 210 $aFirenze$cL. S. Olschki$d1995 215 $aXXI, 248 p., [2] c. di tav.$c1 ritr.$d25 cm 225 1 $aHistoriae musicae cultores$v71 610 0 $aMusicologia$aCongressi$a1990 676 $a780.72$v20 702 1$aPozzi,$bRaffaele 801 0$aIT$bUNINA$gREICAT$2UNIMARC 901 $aBK 912 $a9910247055703321 952 $a780.72 CONV LATINA 1990$binserire inventario$fFLFBC 959 $aFLFBC 996 $aTendenze e metodi nella ricerca musicologica$91503566 997 $aUNINA LEADER 01233nam a2200289 i 4500 001 991001435809707536 005 20020502192954.0 008 931118s1992 it ||| | ita 020 $a8804358211 035 $ab11512453-39ule_inst 035 $aPRUMB60929$9ExL 040 $aDip. di SSSC - Sociologia$bita 100 1 $aGiommi, Roberta$0482175 245 10$aProgramma di educazione sessuale :$btre anni, sei anni. Maschi e femmine :$bil mio corpo , io e il mondo, come sono nato /$cRoberta Giommi Marcello Perrotta ; presentato da Willy Pasini ; illustrazioni di Giulia Orecchia ; vignette di Alberto Rebori 260 $aMilano :$bMondadori,$c1992 300 $a40 p. :$bill. ;$c31 cm. 650 4$aEducazione sessuale 700 1 $aPerrotta, Marcello$eauthor$4http://id.loc.gov/vocabulary/relators/aut$0744954 700 1 $aOrecchia, Giulia 700 1 $aPasini, Willy 700 1 $aRebori, Alberto 907 $a.b11512453$b01-07-21$c01-07-02 912 $a991001435809707536 945 $aLE021 NID37$g1$i2021000252372$lle021$o-$pE0.00$q-$rl$s- $t0$u1$v1$w1$x0$y.i1170732x$z01-07-02 996 $aProgramma di educazione sessuale$91484925 997 $aUNISALENTO 998 $ale021$b01-01-93$cm$da $e-$fita$git $h0$i1 LEADER 04855nam 22007815 450 001 9910254811503321 005 20251225212250.0 010 $a3-319-62594-2 024 7 $a10.1007/978-3-319-62594-2 035 $a(CKB)4340000000062269 035 $a(DE-He213)978-3-319-62594-2 035 $a(MiAaPQ)EBC6303600 035 $a(MiAaPQ)EBC5578890 035 $a(Au-PeEL)EBL5578890 035 $a(OCoLC)995161772 035 $a(PPN)203666208 035 $a(EXLCZ)994340000000062269 100 $a20170719d2017 u| 0 101 0 $aeng 135 $aurnn|008mamaa 181 $ctxt$2rdacontent 182 $cc$2rdamedia 183 $acr$2rdacarrier 200 10$aCloud Computing and Services Science $e6th International Conference, CLOSER 2016, Rome, Italy, April 23-25, 2016, Revised Selected Papers /$fedited by Markus Helfert, Donald Ferguson, Victor Méndez Muñoz, Jorge Cardoso 205 $a1st ed. 2017. 210 1$aCham :$cSpringer International Publishing :$cImprint: Springer,$d2017. 215 $a1 online resource (XIV, 383 p. 135 illus.) 225 1 $aCommunications in Computer and Information Science,$x1865-0937 ;$v740 311 08$a3-319-62593-4 327 $aInvited Papers -- Supporting Users in Data Outsourcing and Protection in the Cloud -- Native Cloud Applications: Why Monolithic Virtualization is Not their Foundation -- Papers -- Delegated Audit of Cloud Provider Chains using Provider Provisioned Mobile Evidence Collection -- Trade-offs based Decision System for Adoption of Cloud-based Services -- Toward Proactive Learning of Multi-layered Cloud Service based Application -- Map Reduce Autoscaling over the Cloud with Process Mining Monitoring -- Detecting Anomaly in Cloud Platforms using a Wavelet-based Framework -- Security SLA in Next Generation Data Centers, the SPECS Approach -- Dynamically Loading Mobile/Cloud Assemblies -- Investigation of Impacts on Network Performance in the Advance of a Microservice Design -- An Universal Approach for Compliance Management Using Compliance Descriptors -- Fostering the Reuse of TOSCA-based Applications by Merging BPEL Management Plans -- Experimental Study on Performance and Energy Consumption of Hadoop in Cloud Environments -- Towards a Framework for Privacy-preserving Data Sharing in Portable Clouds -- Cost Analysis Comparing HPC Public Versus Private Cloud Computing -- Ming: Model- and View-based Deployment and Adaptation of Cloud Datacenters -- A Generic Framework for Representing Context-aware Security Policies in the Cloud -- Towards Outsourced and Individual Service Consumption Clearing in Connected Mobility Solutions. 330 $aThis book constitutes extended, revised and selected papers from the 6th International Conference on Cloud Computing and Services Science, CLOSER 2016, held in Rome, Italy, in April 2016. The 16 papers presented in this volume were carefully reviewed and selected from a total of 123 submissions. The volume also contains two invited papers. CLOSER 2016 focused on the emerging area of cloud computing, inspired by recent advances related to infrastructures, operations, and service availability through global networks. It also studied the influence of service science in this area. 410 0$aCommunications in Computer and Information Science,$x1865-0937 ;$v740 606 $aSoftware engineering 606 $aBusiness information services 606 $aApplication software 606 $aData protection 606 $aData mining 606 $aElectronic commerce 606 $aSoftware Engineering 606 $aIT in Business 606 $aComputer and Information Systems Applications 606 $aData and Information Security 606 $aData Mining and Knowledge Discovery 606 $ae-Commerce and e-Business 615 0$aSoftware engineering. 615 0$aBusiness information services. 615 0$aApplication software. 615 0$aData protection. 615 0$aData mining. 615 0$aElectronic commerce. 615 14$aSoftware Engineering. 615 24$aIT in Business. 615 24$aComputer and Information Systems Applications. 615 24$aData and Information Security. 615 24$aData Mining and Knowledge Discovery. 615 24$ae-Commerce and e-Business. 676 $a004 702 $aHelfert$b Markus$4edt$4http://id.loc.gov/vocabulary/relators/edt 702 $aFerguson$b Donald$4edt$4http://id.loc.gov/vocabulary/relators/edt 702 $aMéndez Muñoz$b Victor$4edt$4http://id.loc.gov/vocabulary/relators/edt 702 $aCardoso$b Jorge$4edt$4http://id.loc.gov/vocabulary/relators/edt 801 0$bMiAaPQ 801 1$bMiAaPQ 801 2$bMiAaPQ 906 $aBOOK 912 $a9910254811503321 996 $aCloud computing and services science$91891832 997 $aUNINA